000 00593nam a2200193 i 4500
001 39521
003 ES-MaACL
005 20230906160020.0
007 t|
008 030303s1972 sp ||||1| spa d
100 1 _aCano Hevia, Luis.
_934550
245 1 0 _aIntroducción al estudio racional de la guerra /
_cLuis Cano Hevia.
260 _aMadrid :
_bEditora Nacional,
_c1964.
300 _aXVI, 219 p. ;
_c25 cm.
490 1 _aMundo científico. Serie castrense
830 0 _aMundo científico. Serie castrense
_9229706
852 _aES-MaACL
_jC-25346
_bR.54247
999 _c39521
_d39521